Performance of reservation protocols in a mobile wireless local area network /
Saved in:
| Main Author: | |
|---|---|
| Format: | Thesis Book |
| Language: | English |
| Published: |
1993.
|
| Subjects: | |
| Tags: |
Add Tag
No Tags, Be the first to tag this record!
|
| LEADER | 00901cam a2200253 a 4500 | ||
|---|---|---|---|
| 001 | u357254 | ||
| 003 | SIRSI | ||
| 008 | 940811s1993 si v 00 1 eng m | ||
| 035 | |a ABT-5521 | ||
| 040 | |a UMM | ||
| 090 | |a TK5103.2 |b Tan | ||
| 100 | 1 | 0 | |a Tan, Wooi Ming. |
| 245 | 1 | 0 | |a Performance of reservation protocols in a mobile wireless local area network / |c by Tan Wooi Ming. |
| 260 | |c 1993. | ||
| 300 | |a viii, 58 leaves : |b ill. ; |c 30 cm. | ||
| 502 | |a Dissertation (M.Eng.) -- National University of Singapore, 1993. | ||
| 504 | |a Bibliography: leaves 50-53. | ||
| 650 | 0 | |a Wireless communication systems. | |
| 650 | 0 | |a Mobile communication systems. | |
| 650 | 0 | |a Packet switching (Data transmission) | |
| 650 | 0 | |a Local area networks (Computer networks) | |
| 948 | |a 11/08/1994 |b 25/11/2000 | ||
| 596 | |a 1 | ||
| 999 | |a F TK5103.2 TAN |w LC |c 1 |i A505564456 |d 11/7/2000 |l STACKS |m P01UTAMA |n 1 |r Y |s Y |t TESIS |u 23/4/1996 | ||
